Flexible managed office market (Record no. 105957)

MARC details
000 -LEADER
fixed length control field 00932cam a2200229 4500
001 - CONTROL NUMBER
control field ##L135229
008 - FIXED-LENGTH DATA ELEMENTS--GENERAL INFORMATION
fixed length control field 061005n2006 000 0 eng u
035 ## - SYSTEM CONTROL NUMBER
System control number (Sirsi) u135229
041 0# - LANGUAGE CODE
Language code of text/sound track or separate title eng
050 04 - LIBRARY OF CONGRESS CALL NUMBER
Classification number 333.33 $2 18
110 2# - MAIN ENTRY--CORPORATE NAME
Corporate name or jurisdiction name as entry element DTZ Research
9 (RLIN) 3886
245 00 - TITLE STATEMENT
Title Flexible managed office market
Remainder of title Stage 4 2006
260 ## - PUBLICATION, DISTRIBUTION, ETC.
Place of publication, distribution, etc. London
Name of publisher, distributor, etc. DTZ
Date of publication, distribution, etc. 2006
490 #0 - SERIES STATEMENT
Series statement DTZ Flexible Managed Office Market
520 ## - SUMMARY, ETC.
Summary, etc. Outlines the characteristics of the market for flexible managed offices in the UK. Also provides information on occupancy costs as well as variations in demand and supply and looks at how these differ from the traditional office market.
590 ## - LOCAL NOTE (RLIN)
Local note IKA171006
650 24 - SUBJECT ADDED ENTRY--TOPICAL TERM
Topical term or geographic name entry element DTZ FLEXIBLE MANAGED OFFICE MARKET
651 #4 - SUBJECT ADDED ENTRY--GEOGRAPHIC NAME
Geographic name United Kingdom
Chronological subdivision
690 ## - LOCAL SUBJECT ADDED ENTRY--TOPICAL TERM (OCLC, RLIN)
Topical term or geographic name as entry element PROPERTY-COMMERCIAL PROPERTY-OFFICE PROPERTY
856 48 - ELECTRONIC LOCATION AND ACCESS
Uniform Resource Identifier <a href="https://www.dtz.com">https://www.dtz.com</a>
Public note Register to view the item free of charge at www.dtz.com...
942 ## - ADDED ENTRY ELEMENTS (KOHA)
Suppress in OPAC 0
Holdings
Withdrawn status Lost status Source of classification or shelving scheme Damaged status Not for loan Home library Current library Shelving location Date acquired Total Checkouts Full call number Barcode Date last seen Copy number Price effective from Koha item type
    Dewey Decimal Classification     Virtual Virtual Online 05/10/2006   ONLINE PUBLICATION 135229-1001 06/08/2019 1 06/08/2019 Book